|
|
|
|
| LEADER |
00000cam a2200000 7i4500 |
| 001 |
0000011981 |
| 005 |
20180531.0 |
| 008 |
071123 |
| 020 |
|
|
|a 9789831927342
|
| 020 |
|
|
|a 9831927346
|
| 090 |
0 |
0 |
|a 153.42
|b FAZ
|
| 100 |
0 |
|
|a Fazrul Ismail
|
| 245 |
1 |
0 |
|a Pemikiran sistemik
|c Fazrul Ismail
|
| 260 |
|
|
|a Pahang :
|b PTS Publications & Distributors ,
|c 2004
|
| 440 |
|
|
|a Siri pembangunan spiritual
|
| 650 |
|
0 |
|a Creative thinking
|
| 650 |
|
0 |
|a Family counseling
|
| 650 |
|
0 |
|a Ideology
|
| 650 |
|
0 |
|a Thought and thinking
|
| 710 |
0 |
|
|a Title
|
| 999 |
|
|
|a 0000151694
|b Book
|c Adult Collection
|e Cawangan Segamat
|
| 999 |
|
|
|a 0000909752
|b Book
|c Adult Collection
|e Cawangan Bandar Tenggara
|
| 999 |
|
|
|a 0000922808
|b Book
|c Adult Collection
|e Cawangan Bukit Gambir
|
| 999 |
|
|
|a 0000933053
|b Book
|c Adult Collection
|e Cawangan Tangkak
|
| 999 |
|
|
|a 0000933054
|b Book
|c Adult Collection
|e Cawangan Tangkak
|
| 999 |
|
|
|a 0000933055
|b Book
|c Adult Collection
|e Cawangan Tangkak
|
| 999 |
|
|
|a 0001003941
|b Book
|c Adult Collection
|e Cawangan Batu Pahat
|
| 999 |
|
|
|a 0001003943
|b Book
|c Adult Collection
|e Perbadanan Perpustakaan Awam Johor
|
| 999 |
|
|
|a 0001003944
|b Book
|c Adult Collection
|e Perbadanan Perpustakaan Awam Johor
|
| 999 |
|
|
|a 0001003945
|b Book
|c Adult Collection
|e Cawangan Mersing
|
| 999 |
|
|
|a 0001151694
|b Book
|c Adult Collection
|e Cawangan Segamat
|
| 999 |
|
|
|a 0001151695
|b Book
|c Adult Collection
|e Cawangan Bandar Tenggara
|
| 999 |
|
|
|a 0001151696
|b Book
|c Adult Collection
|e Cawangan Tangkak
|